Catalog

Record Details

Catalog Search



Superman action comics. #3, At the end of days / ... Read More

Morrison, Grant.(Author).
Fisch, Sholly.(Added Author). Morales, Rags.(Added Author). ... Read More

Available copies

  • 2 of 2 copies available at LARL/NWRL Consortium.
  • 2 of 2 copies available at Lake Agassiz Regional Library. (Show preferred library)

Current holds

0 current holds with 2 total copies.

Show Only Available Copies
Location Call Number / Copy Notes Barcode Shelving Location Status Due Date
Crookston Public Library Y G MOR (Text) 33500011911351 Main Available -
Moorhead Public Library Y G MOR (Text) 33500011911344 Main Available -

Record details

  • ISBN: 9781401242329 (hardback)
  • ISBN: 1401242324 (hardback)
  • ISBN: 9781401246068 (paperback)
  • ISBN: 1401246060 (paperback)
  • Physical Description: 1 volume (unpaged) : color illustrations ; 27 cm.
  • Publisher: New York : DC Comics, 2013.

Content descriptions

General Note:
"Superman created by Jerry Siegel & Joe Shuster."
Summary, etc.:
"The New York Times best-selling creative team ... Read More
Subject: COMICS & GRAPHIC NOVELS / Superheroes.
Superman (Fictitious character) > Comic books, strips, etc.
Superheroes > Comic books, strips, etc.
Genre: Science fiction comic books, strips, etc.
Graphic novels.
LDR 03525cam a2200709 i 4500
001169650
003LARL_NWRL_CONSORTIUM
00520160202203030.0
008130802s2013 nyua 6 000 1 eng
019 . ‡a834604526 ‡a862794014 ‡a869783420 ‡a884347617
020 . ‡a9781401242329 (hardback)
020 . ‡a1401242324 (hardback)
020 . ‡a9781401246068 (paperback)
020 . ‡a1401246060 (paperback)
035 . ‡a(OCoLC)834423275 ‡z(OCoLC)834604526 ‡z(OCoLC)862794014 ‡z(OCoLC)869783420 ‡z(OCoLC)884347617
042 . ‡apcc
08200. ‡a741.5/973 ‡223
084 . ‡aCGN004080 ‡2bisacsh
1001 . ‡aMorrison, Grant. ‡0(LARL_NWRL_CONSORTIUM)52440
24510. ‡aSuperman action comics. ‡n#3, ‡pAt the end of days / ‡cwriters, Grant Morrison, Sholly Fisch ; artists, Rags Morales, Brad Walker, Travel Foreman, Chris Sprouse, Andrew Hennessy, Mark Propst, Karl Story, Cam Smith ; colorists, Brad Anderson, Jordie Bellaire, Jay David Ramos, Gabe Eltaeb ; letterers, Steve Wands, Patrick Brosseau, Taylor Esposito, Dezi Sienty, Carlos M. Mangual.
24630. ‡aAt the End of Days
260 . ‡aNew York : ‡bDC Comics, ‡c2013.
300 . ‡a1 volume (unpaged) : ‡bcolor illustrations ; ‡c27 cm.
336 . ‡atext ‡2rdacontent
336 . ‡astill image ‡2rdacontent
337 . ‡aunmediated ‡2rdamedia
338 . ‡avolume ‡2rdacarrier
4900 . ‡aNew 52!
4900 . ‡aSuperman action comics ; ‡v3
500 . ‡a"Superman created by Jerry Siegel & Joe Shuster."
520 . ‡a"The New York Times best-selling creative team Grant Morrison and Rags Morales' landmark run on SUPERMAN: ACTION COMICS ends here in SUPERMAN: ACTION COMICS VOLUME 3: AT THE END OF DAYS! Five years ago, Clark Kent moved to Metropolis. Alone but hopeful, he donned a simple t-shirt laden with a giant S, beginning the career of one of the greatest heroes this--or any other--world has seen. Superman has grown with the city around him, and though he is feared by the public, there's no doubt they need him to protect them from this universe's gravest threats. But when the multiverse sends it's deadliest villains against the Man of Steel, can even he turn them back? Collects Action Comics 13-17"-- ‡cProvided by publisher.
650 7. ‡aCOMICS & GRAPHIC NOVELS / Superheroes. ‡2bisacsh
650 0. ‡aSuperman (Fictitious character) ‡vComic books, strips, etc. ‡0(LARL_NWRL_CONSORTIUM)167587
650 0. ‡aSuperheroes ‡vComic books, strips, etc.
655 7. ‡aScience fiction comic books, strips, etc. ‡2gsafd
655 0. ‡aGraphic novels.
7001 . ‡aFisch, Sholly. ‡0(LARL_NWRL_CONSORTIUM)131414
7001 . ‡aMorales, Rags. ‡0(LARL_NWRL_CONSORTIUM)136048
7001 . ‡aWalker, Brad ‡c(Comic book artist)
7001 . ‡aForeman, Travel. ‡0(LARL_NWRL_CONSORTIUM)202799
7001 . ‡aSprouse, Chris.
7001 . ‡aHennessy, Andrew.
7001 . ‡aPropst, Mark.
7001 . ‡aStory, Karl C. ‡0(LARL_NWRL_CONSORTIUM)188458
7001 . ‡aSmith, Cam. ‡0(LARL_NWRL_CONSORTIUM)217917
7001 . ‡aAnderson, Brad. ‡0(LARL_NWRL_CONSORTIUM)76708
7001 . ‡aBellaire, Jordie.
7001 . ‡aRamos, Jay David.
7001 . ‡aEltaeb, Gabe.
7001 . ‡aWands, Steve. ‡0(LARL_NWRL_CONSORTIUM)215934
7001 . ‡aBrosseau, Pat.
7001 . ‡aEsposito, Taylor.
7001 . ‡aSienty, Dezi.
7001 . ‡aMangual, Carlos M.
901 . ‡a169650 ‡bOCLC ‡c169650 ‡tbiblio

Additional Resources